000 00749nam a22002177a 4500
003 OSt
005 20251106051313.0
008 251106b |||||||| |||| 00| 0 eng d
020 _a978-621-427-081-1
040 _aDWCL-Main lib
_cOC
082 _aFil. 005.276 L237w 2021
100 _aLampawog, Harley V.
245 _a Web programming/
_cHarley V. Lampawog
260 _aManila, Philippines :
_bUnlimited books library services & publishing inc.,
_cc2021.
300 _a xiv, 266 pages :
_billustrations ;
_c26cm.
504 _aIncludes bibliographical references
650 _a1. MySQL ( Electronic resource)
650 _a2. Php ( Computer program language)
650 _a3. Website development
942 _2ddc
_cBK - FIL
_kFil.
_n0
999 _c5567
_d5567